| 000 | 00771cgm a2200253Ia 4500 | ||
|---|---|---|---|
| 001 | 41583962 | ||
| 003 | OCoLC | ||
| 005 | 20250705115338.0 | ||
| 008 | 990622p19991998enk504 vleng d | ||
| 020 | _a9780008638962 (paperback) | ||
| 040 |
_aNUST _cNUST _dCIN _beng _erda |
||
| 050 | _aQL698 ATT | ||
| 100 |
_aAttenborough,David _eAuthor |
||
| 245 | 0 | 4 |
_aThe life of birds/ _cby David Attenborough. |
| 260 |
_aUnited Kingdom : _bWilliam Collins, _c©1998. |
||
| 300 |
_a276 pages : _bIllustrations. ; _c24 cm |
||
| 336 |
_2rdamedia _atext _btxt |
||
| 337 |
_2rdamedia _aunmediated _bn |
||
| 338 |
_2rdamedia _avolume _bnc |
||
| 504 | _aIncludes Index. | ||
| 650 | 0 |
_aBirds _xBehavior |
|
| 650 | 0 | _vBirds life | |
| 942 |
_2lcc _n0 _cBOOKS _hQL698.ATT _kQL _mATT |
||
| 999 |
_c172127 _d172127 |
||